00327nam a2200133Ia 450000500170000000800410001705000250005824500460008326000220012930000210015144000060017252100070017852600080018520140403075030.0140130s9999 xx 000 0 und d aPZ 7 b.P1954Ac 2009 cPapadementriou, LisaaAccidentally fooled bScholastic,c2009 a185 p. :c20 cm. v1 aG4 c610